| 000 | 00515nam a22001937a 4500 | ||
|---|---|---|---|
| 003 | OSt | ||
| 005 | 20140310181749.0 | ||
| 008 | 130626t xxu||||| |||| 00| 0 eng d | ||
| 020 | _a190453449 | ||
| 050 |
_aQA 273 _b.St844 2007 |
||
| 082 |
_aIB 510 _bL96 2005 |
||
| 245 |
_aIB Mathematics : _b HL Option: Series & differential equations / _cWendy Stevens. |
||
| 260 |
_aUK : _bOSC, _cc2007. |
||
| 300 |
_a28 p. ; _c29 cm. |
||
| 521 | _aIB students | ||
| 541 | _j1 | ||
| 562 | _e1 | ||
| 942 |
_2lcc _cIB _kIB |
||
| 999 |
_c3143 _d3143 |
||